| 000 | 00904nam a2200181Ia 4500 | ||
|---|---|---|---|
| 008 | 090124s9999 xx 000 0 und d | ||
| 082 | _b29323 | ||
| 100 | _aचित्राव सिध्देश्र्वरशास्त्री | ||
| 245 | _a प्राचीन भारतीय स्थळकोश (प्रथम खंड) | ||
| 250 | _a0 | ||
| 260 | _b"भारतीय चरित्रकोश मंडळ ,पुणे 4" | ||
| 300 | _a672 | ||
| 600 | _aचित्राव सिध्देश्र्वरशास्त्री | ||
| 630 | _a प्राचीन भारतीय स्थळकोश (प्रथम खंड) | ||
| 700 | _aचित्राव सिध्देश्र्वरशास्त्री | ||
| 730 | _a प्राचीन भारतीय स्थळकोश (प्रथम खंड) | ||
| 942 | _cBOOK | ||
| 999 |
_c97418 _d97418 |
||